Diseño de automatización y control de silo de carga de cemento con EASY SOFT 719 AC RC
En el siguiente estudio se pretende que sirva como guía para los estudiantes de ingeniería eléctrica y electrónica para conocer la metodología de la programación y simulación de un PLC EASY SOFT 719 AC RC y uso correcto del software, así como sus posibles aplicaciones para resolver problemas...
| Main Authors: | , |
|---|---|
| Other Authors: | |
| Format: | Tesis Section = Libro |
| Language: | Undetermined Spanish |
| Published: |
Managua, Nicaragua
UNI
2018
|
| Subjects: |
| LEADER | 01420nam a2200289Ia 4500 | ||
|---|---|---|---|
| 008 | 240830s9999 xx 000 0 und d | ||
| 040 | |a BIBLIOTECA-RUSB/ Mon 621.46 M672 | ||
| 041 | |a spa | ||
| 082 | |a Mon 621.46 M672 | ||
| 100 | 1 | |a Miranda Acosta, Catherine Vanessa | |
| 100 | 1 | |b Benedith Ayala, Álvaro Derlin | |
| 245 | 1 | 0 | |a Diseño de automatización y control de silo de carga de cemento con EASY SOFT 719 AC RC |
| 260 | |a Managua, Nicaragua |b UNI |c 2018 | ||
| 300 | |a 47 p. :il. | ||
| 500 | |a Contiene: CD. | ||
| 502 | |a Tesis (Ingeniero Eléctrico) - UNI, 2018. | ||
| 520 | 3 | |a En el siguiente estudio se pretende que sirva como guía para los estudiantes de ingeniería eléctrica y electrónica para conocer la metodología de la programación y simulación de un PLC EASY SOFT 719 AC RC y uso correcto del software, así como sus posibles aplicaciones para resolver problemas de un entorno profesional y bienestar de la sociedad, proponiendo un modelo para la automatización y el control de una SILO de carga de cemento y mejorar la producción. | |
| 650 | 7 | |a MOTORES ELÉCTRICOS | |
| 650 | 7 | |b DISEÑO DE CIRCUITOS ELÉCTRICOS | |
| 650 | 7 | |c AUTOMATIZACIÓN INDUSTRIAL | |
| 650 | 7 | |d PLANOS ELÉCTRICOS | |
| 650 | 7 | |e DISPOSITIVOS ELÉCTRICOS | |
| 650 | 7 | |f CONDUCTORES ELÉCTRICOS | |
| 700 | 1 | |a Tutor: |b Lira Rocha, Ernesto José | |
| 942 | |c BK |2 ddc | ||
| 991 | |a TESIS | ||
| 999 | |c 20336 | ||